| 000 | 01231nam a2200265 i 4500 | ||
|---|---|---|---|
| 001 | 17063 | ||
| 003 | ES-MaACL | ||
| 005 | 20230906151508.0 | ||
| 007 | t| | ||
| 008 | 001218s1992 fr ||||1| fre d | ||
| 020 | _a2-07-010067-7 | ||
| 080 | _a821.133.1-31"19" | ||
| 100 | 1 |
_aBernanos, Georges. _928225 |
|
| 245 | 1 | 0 |
_aOeuvres romanesques suivies de Dialogues des carmélites d'après une nouvelle de Gertrud von Le Fort et un scénario du R. P. Bruckberger et de Ph. Agostini / _cBernanos ; préface par Gaëtan Picon ; texte et variantes établis par Albert Béguin ; notes par Michel Estève. |
| 260 |
_aParis : _bGallimard, _c[1992] |
||
| 300 |
_aLX, 1954 p. ; _c18 cm. |
||
| 490 | 1 | _aBibliothèque de la Pléiade | |
| 505 | 8 | _aContiene: Madame Dargent ; Une nuit ; Dialogue d'ombres ; Sous le soleil de Satan ; L'imposture ; La joie ; Un crime ; Un mauvais rêve ; Journal d'un curé de campagne ; Nouvelle histoire de mouchette ; Monsieur Ouine et Dialogue des carmélites. | |
| 700 | 1 |
_aPicon, Gaëtan. _991874 |
|
| 700 | 1 |
_aBéguin, Albert. _927040 |
|
| 700 | 1 |
_aEstève, Michel. _948137 |
|
| 830 | 0 |
_aBibliothèque de la Pléiade _9180233 |
|
| 852 |
_aES-MaACL _jL-24073 _bR.129916 |
||
| 999 |
_c17063 _d17063 |
||